| 000 | 00329nam a22001337a 4500 | ||
|---|---|---|---|
| 003 | OSt | ||
| 005 | 20160727222409.0 | ||
| 008 | 160624b xxu||||| |||| 00| 0 eng d | ||
| 100 |
_9937 _aHall, F.K.F |
||
| 245 | _aOn the Trail of a Twin | ||
| 260 |
_aN.Y _bFriendship Press _c1966 |
||
| 300 | _aOn the Trail of a Twin | ||
| 942 |
_2ddc _cBK |
||
| 999 |
_c747 _d747 |
||